| 000 | 00410nam a2200157Ia 4500 | ||
|---|---|---|---|
| 008 | 230312s9999||||xx |||||||||||||| ||und|| | ||
| 020 | _a0-13-179655-0 | ||
| 082 |
_a658.1511 _bHOR-C |
||
| 100 | _aHorngren,Charles T. | ||
| 245 | 0 | _aCost Accounting | |
| 260 |
_bPrentice Hall _aNew Delhi _c1982 |
||
| 300 | _a997 | ||
| 546 | _aEng. | ||
| 650 |
_aAccounting _vIntroduction , Cost Volume , Job Process |
||
| 942 | _cBK | ||
| 999 |
_c870 _d870 |
||